| 000 | 00554nam a2200157Ia 4500 | ||
|---|---|---|---|
| 008 | 151213s9999 xx 000 0 und d | ||
| 020 | _a984-868-235-I | ||
| 100 | _aসৈয়দ রহায়দার। | ||
| 245 |
_aআঁধারের শেষ্ ভালোবাসি। _cসৈয়দ রহায়দার। |
||
| 260 |
_aঢাকা _bঅন্য প্রকাশ। _c2003 |
||
| 300 | _a8476 p. | ||
| 650 | _aBangla | ||
| 650 | _aBengali Literature | ||
| 700 | _aসৈয়দ রহায়দার। | ||
| 999 |
_c4314 _d4314 |
||